01502nam a22003017a 4500003000400000005001700004008004100021040002200062082001800084100002700102245003500129260008200164300001900246490002800265505001400293505016100307505011700468505007800585505016300663650004100826650005500867650004400922650005700966650004301023650004401066650004301110650004701153OSt20230424091820.0221006b |||||||| |||| 00| 0 eng d cBiblioteca Lado V a792.05bG143e aGainza, Gastoneeditor aEscena/bRevista de las Artes/ bUniversidad de Costa RicabVicerrectoria de acción socialc2007aCosta Rica c21x28cma148p. v2007v30x1409 2522a61 tEditorial tArtes VisualesaLa Luz y el tiempo en las artes temáticas La luz como material en la producción artística Francisco Amighetti y su viaje a Belgica  tMuralismo MexicanoaArte Publico, Identidad, memoria colectiva La huella gráfica de Juanita Segundo Sanchez  tProducción AudiovisualaEdipo Alcalde: Reelectura edipica de ali Triana tTeatroaUslar Prietri en el teatro venezolano Los caminos de la dramaturgia costarricense Dialogo Matrimonio, Patriotismo y otras formas de prostitución  2Tesauro de Arte & ArquitecturaaARTE 2Tesauro de Arte & ArquitecturaaARTE COSTARRICENSE 2Tesauro de Arte & ArquitecturaaCULTURA 2Tesauro de Arte & ArquitecturaaARTE LATINOAMERICANO 2Tesauro de Arte & ArquitecturaaTEORIA 2Tesauro de Arte & ArquitecturaaCRITICA 2Tesauro de Arte & ArquitecturaaTEATRO 2Tesauro de Arte & ArquitecturaaCOSTA RICA